Introducción al psicoanálisis (Registro nro. 44481)

Detalles MARC
000 -ENCABEZADO
Número de control [NR] 00852nam a2200229Ia 4500
008 - DE LONGITUD FIJA DE DATOS DE ELEMENTOS - INFORMACIÓN GENERAL
Elementos de longitud fija [NR] 130821s2000 sp gr spa
020 ## - NUMERO INTERNACIONAL NORMALIZADO PARA LIBROS [R]
Número Internacional Normalizado del libro [NR] 8420637122
040 ## - FUENTE DE CATALOGACION [NR]
Agencia de catalogación original [NR] Co-BoUCM
Idioma de catalogación [NR] spa
041 00 - CODIGO DE IDIOMA [R]
Código de idioma para texto/pista de sonido o título separado [R] Español
100 1# - ASIENTO PRINCIPAL--NOMBRE PERSONAL [NR]
Nombre personal [NR] Freud, Sigmund Schlomo
Fechas asociadas con el nombre [NR] 1856-1939
ID Autoridad 109116
245 10 - MENCION DE TITULO [NR]
Título [NR] Introducción al psicoanálisis
Mención de responsabilidad, etc. [NR] Sigmund Freud; Traducción de Luis López Ballesteros y de Torres
260 ## - PUBLICACION, DISTRIBUCION, ETC. (PIE DE IMPRENTA) [R]
Lugar de publicación, distribución, etc. [R] Barcelona (España)
Nombre del editor, distribuidor, etc. [R] Alianza Editorial
Fecha de publicación, distribución, etc. [R] 2000
300 ## - DESCRIPCION FISICA [R]
Extensión [R] 530 páginas
490 ## - MENCION DE SERIE [R]
Mención de serie [R] El Libro de Bolsillo.
-- Biblioteca Freud
Designación numérica/secuencial del volumen [NR] BA 0637
650 04 - ASIENTO SECUNDARIO DE MATERIA - TERMINO TEMATICO [R]
Término temático o nombre geográfico como elemento de entrada [NR] Psicoanálisis
9 (RLIN) 22781
650 04 - ASIENTO SECUNDARIO DE MATERIA - TERMINO TEMATICO [R]
Término temático o nombre geográfico como elemento de entrada [NR] Psicología
9 (RLIN) 8001
650 04 - ASIENTO SECUNDARIO DE MATERIA - TERMINO TEMATICO [R]
Término temático o nombre geográfico como elemento de entrada [NR] Psicología
Subdivisión de forma [R] Teorías
9 (RLIN) 8001
700 1# - ASIENTO SECUNDARIO - NOMBRE PERSONAL [R]
Nombre personal [NR] López Ballesteros y de Torres, Luis
Término de relación [R]
9 (RLIN) 138045
765 ## - ASIENTO DE IDIOMA ORIGINAL [R]
Asiento principal [NR] Einführung in die psychoanalyse.
942 ## - ELEMENTOS DE ENTRADA AGREGADOS (KOHA)
Tipo de ítem principal el descrito en 300a Libro
Sistema de clasificación DEWEY
Tema principal Psicología
Edición 1
Clasificación 150.1952
Parte restante de la signatura top. F889i
Título oculto en OPAC No
Existencias
Fecha de último préstamo Total préstamos Total Renewals Signatura topográfica Código de barras Última vez visto Ejemplar Price effective from Tipo de ítem Nota pública (OPAC) Perdido Sistema de clasificación Dañado No prestable Tipo de ítem específico Suprimido Ubicación habitual Ubicación actual Localización Fecha de creación Forma de adquisición Costo
02/08/2025 71 17 150.1952 F889i 100070169 11/12/2025 Ej.1 03/02/2013 Libro Spot Psicología & Psiquiatría   DEWEY     Libro   Quinta de Mutis Quinta de Mutis 3er piso 28/02/2004 Compra 73000.00